00608nam a2200169 a 4500008004100000020001500041050001400056100002800070245005900098260002600157300001600183350000900199650001700208995008100225999001700306952011500323120416s1970 ||||||||||||||||| || u a0304935700 aPN 43 Bre aBrewer, Ebenezer Cobham10aBrewer's dictionary of phrase and fable. (Century ed.) aLondonbCassellc1970 axvi, 1175p. a0.00 aDICTIONARIES D0.00FCBU-MAIN LIBRARY (Kitwe)H1I15.00M1UREFERENCEZReference Collection c36116d36116 00102lcc4070a001b001cReference Collectiond2022-11-30l0oPN 43 Brep022896r2022-11-30w2022-11-30y002